Basic & Clinical Pharmacology-1 / (Record no. 37009)

MARC details
000 -LEADER
fixed length control field 00545nam a22001937a 4500
005 - DATE AND TIME OF LATEST TRANSACTION
control field 20250806151121.0
008 - FIXED-LENGTH DATA ELEMENTS--GENERAL INFORMATION
fixed length control field 250806b |||||||| |||| 00| 0 eng d
020 ## - INTERNATIONAL STANDARD BOOK NUMBER
ISBN 978-1-26-046331-6
082 ## - DEWEY DECIMAL CLASSIFICATION NUMBER
Classification number 615.1
Item number KAT-B
100 ## - MAIN ENTRY--AUTHOR
Author Name Katzung, Bertram G.
245 ## - TITLE STATEMENT
Title Basic & Clinical Pharmacology-1 /
Statement of responsibility, etc. by Katzung Bertram G.
250 ## - EDITION STATEMENT
Edition statement 16th ed.
260 ## - PUBLICATION, DISTRIBUTION, ETC.
Place of Publication America :
Name of publisher, distributor, etc. McGraw hill:
Date of publication, distribution, etc. 2024 .
300 ## - PHYSICAL DESCRIPTION
Pages ix, 658p. :
490 ## - SERIES STATEMENT
Volume vol-1
500 ## - GENERAL NOTE
General note Printed in Pakistan.
650 ## - SUBJECT ADDED ENTRY--TOPICAL TERM
Subject / Department Medical / Pharmacology
300 ## - PHYSICAL DESCRIPTION
-- ill ;
-- 28 cm.
952 ## - LOCATION AND ITEM INFORMATION (KOHA)
-- 0
-- 0
952 ## - LOCATION AND ITEM INFORMATION (KOHA)
-- 0
-- 0
952 ## - LOCATION AND ITEM INFORMATION (KOHA)
-- 0
-- 0
Holdings
Lost status Damaged status Permanent Location Current Location Shelving Location Date acquired Source of acquisition Full Call Number Accession No./Barcode Date last seen Copy number item type Koha item type
    Superior Information Resource Center (SIRC) Superior University- Main Campus Superior Information Resource Center (SIRC) Superior University- Main Campus BDS-Pharmacology 08/06/2025 Imperial book company 615.1 KAT-B 2024 20577 08/06/2025 1 BOOK BOOK
    Superior Information Resource Center (SIRC) Superior University- Main Campus Superior Information Resource Center (SIRC) Superior University- Main Campus BDS-Pharmacology 08/06/2025 Imperial book company 615.1 KAT-B 2024 20578 08/06/2025 2 BOOK BOOK
    Superior Information Resource Center (SIRC) Superior University- Main Campus Superior Information Resource Center (SIRC) Superior University- Main Campus BDS-Pharmacology 08/06/2025 Imperial book company 615.1 KAT-B 2024 20591 08/06/2025 3 BOOK BOOK

Powered by Koha